| 000 | 00608nam a2200205 u 4500 | ||
|---|---|---|---|
| 005 | 20240203063607.0 | ||
| 008 | 100628s2008 cl r 000 0 eng d | ||
| 020 | _a9789587046434 | ||
| 035 | _aUPN01000177019 | ||
| 049 | _aCG | ||
| 050 | 4 |
_aHQ1154 _bT5.3 |
|
| 100 | 1 | _aThomas, Florence | |
| 245 | 1 | 0 |
_aConversaciones con Violeta : _bhistoria de una revolución inacabada / _cFlorence Thomas. |
| 260 |
_aBogotá : _bPunto de Lectura, _c2008. |
||
| 300 | _a228 p. | ||
| 440 | 0 |
_aPunto de lectura ; _v276.1 |
|
| 650 | 4 |
_aFeminismo _98967 |
|
| 650 | 4 |
_aMujeres _xCondiciones sociales _91584 |
|
| 905 | _aLibro | ||
| 999 |
_c149122 _d149122 |
||